000 00237nam a22000857a 4500
008 170601b xxu||||| |||| 00| 0 eng d
100 _93209
_aSharma. S. N
245 _aArt of healthy and productive
260 _aNew Delhi
_bArya Publication
_c2004
999 _c6522
_d6522